Contar : 3º : EGB

Gespeichert in:
Bibliographische Detailangaben
Körperschaft: Departamento de Educación Anaya Departamento de Educación (Madrid)
Format: Buch
Sprache:Spanisch
Erschienen: Madrid : Anaya, 1983
Katalog:MANES:  Suchergebnis im Bibliothekskatalog
Schulbuchspezifische Eigenschaften:
Tags: Tag hinzufügen
Keine Tags, Fügen Sie den ersten Tag hinzu!
Hinzugefügt zu:03.07.2005
Geändert in:20.05.2026

MARC

LEADER 00000nam a2200000 a 4500
001 .b1692487
003 ES-BaCBU
005 20260520184519.0
008 050704s1982 spca ||1 000 ||spa|c
020 |a 8420721662 ([llibre de text])  |a 8420722170 ([guia didàctica]) 
035 |a C091481660  |a 0886-03860 
040 |a ES-BaCBU  |b cat  |c ES-BaCBU  |d ES-BaUB 
110 |a Departamento de Educación Anaya  |b Departamento de Educación (Madrid)  |9 36248 
245 1 0 |a Contar :  |b 3º : EGB /  |c Departamento de Educación Anaya 
260 |a Madrid :  |b Anaya,  |c 1983 
300 |a vol. 216 p.   |b 24 x 21 cm. 
500 |a Cartulina. En última página: “Este libro ha sido aprobado por el Ministerio de Educación y Ciencia con fecha del 18-V-1982 (B. O. del E. del 12-VII-1982”. Contiene ejercicios y actividades para el estudiante. ISBN: 84-207-2166-2  
505 8 |a Conté: llibre de text; guia didàctica 
546 |a España 
561 |5 es-CRAI  |3 p1 TX EGB 9/3 ANA  |a España. Biblioteca Universitat de Barcelona  |k MANES 
690 0 |a MATE 
691 0 |a PRI 
942 |2 ddc  |c BK 
999 |c 90106  |d 90106 
999 |c manes:90106  |d 90106